Za vlasť

Bibliographic Details
Main Authors: Šolochov, Michail Aleksandrovič, 1905-1984 (Author), Simonov, Konstantin Michajlovič, 1915-1979 (Author)
Other Authors: Vavro, Jozef, 1910-1970 (Translator)
Format: Book
Language:Slovak
Russian
PhysicalDescription:43, [4] s. V. 8°
Published: Prešov Nakladateľské družstvo [1945]
Subjects:

MARC

LEADER 00000cam a2200000 a 4500
001 vtls008401023
003 SK-MaSNL
005 20260302074752.0
008 250313s1945 xo 000 f slo
015 |a SNBA19451955-012156 
035 |a SK01SNKBKSFS20020093240 
035 |a urn:nbn:sk:snk-am3hl6t 
035 |a 760066C8-AD8A-407D-A466-691CAB5CE2B3 
035 |a urn:nbn:sk:snk-am00d49o 
035 |a SKM000095703 
040 |a SNK  |b slo  |c SNK  |e AACR2 
041 1 |a slo  |h rus 
044 |a xo  |c SK 
080 |a 882-3  |2 1981 
245 0 0 |a Za vlasť  |c Michail Šolochov a Konstantin Simonov ; preložil Jozef Vavro 
246 1 |i Obálkový podnázov:  |a próza o Vlasteneckej vojne sovietskeho ľudu 
260 |a Prešov  |b Nakladateľské družstvo  |c [1945]  |e Prešov  |f Nakladateľské družstvo 
300 |a 43, [4] s.  |c V. 8° 
500 |a Obsahuje úryvky z dvoch románov od dvoch rôznych autorov 
650 0 7 |a Veľká vlastenecká vojna (1941-1945)  |2 SNKPH  |9 177908 
650 0 7 |a druhá svetová vojna (1939-1945)  |2 SNKPH  |9 169657 
651 7 |a Sovietsky zväz  |2 SNKPH  |9 22126 
655 7 |a ruské romány  |2 SNKPH  |9 70514 
655 7 |a úryvky  |2 SNKPH  |9 84604 
700 1 2 |a Šolochov, Michail Aleksandrovič,  |d 1905-1984  |t Bili sa za vlasť  |4 aut  |9 740792 
700 1 2 |a Simonov, Konstantin Michajlovič,  |d 1915-1979  |t Dni a noci  |4 aut  |9 740793 
700 1 |a Vavro, Jozef,  |d 1910-1970  |4 trl  |9 199714 
852 |a Slovenská národná knižnica 
954 |a beletria cudzojazyčná (svetová)  |2 lita 
958 |a OND 
958 |a RK 
958 |a TL 
999 |c 1166417  |d 1168347 
952 |a SNK  |b SNK  |y VYP  |7 0  |p 17A0654618  |o snkSD 5187/8 D1  |i snkKSF 5245/57  |8 5  |3 rekatalogizácia  |0 0  |1 0  |4 0  |d 2007-06-23  |l 0  |r 2026-02-24 20:49:42  |w 2026-02-24 
952 |a SNK  |b SNK  |y PREZ  |7 0  |p 17A0912762  |o snkSD 5187/8  |i snk724/45  |0 0  |1 0  |4 0  |d 2018-07-23  |f 1  |l 0  |r 2025-11-12 00:00:00  |w 2026-02-24